00368nam a2200121Ia 4500008004100000041001200041082001900053100004200072245008600114250001200200260001900212300001500231231217s9999 xx 000 0 und d aEnglish a001.64076 MEH aMehta, Subhash Jaiswal S Chopra, Ravi 0aMCA Master in computer applications: Que tion bank, a comprehensive guide to MCA. a4th ed. c1997bGalgotia avix+Phy.27